1658 1158 1518 1501 1576 1468 1827 1752 1041 1006 1146 1389 1205 1188 1555 1286 1943 1646 1915 1761 1039 1871 1670 1710 1280 1229 1919 1128 1825 1172 1434 1594 1903 1836 1386 1308 1826 1292 1801 1207 1718 1508 1054 1759 1953 1260 1389 1763 1093 1109 1196 1906 1597 1518 1199 1479 1161 1553 1624 1095 1243 1964 1209 1925 1325 1783 1452 1544 1887 1447 1786 1002 1914 1162 1867 1114 1613 1742 1805 1125 1700 1653 1598 1201 1257 1570 1575 1991 1126 1026 1411 1101 1219 1847 1509 1155 1881 1361 1003 BCNSPRNW ULIB Ver.6.0+V

เปลี่ยนเป็นภาษาไทย

Change to English
 แสดงรายละเอียดบรรณานุกรม
  กลับหน้าหลัก

Brief Record : Get Marc (ISO 2709) : E-mail record : QR code < ปิดหน้าต่าง
LEADER : 00000nam 2200000uu 4500
001    13399111998
003     ULIB
008    110719s2551||||th 000 0 tha d
020    9744513816
090    นว.^bจ757S 2551
100 0   เจ้าปลาน้อย,นามแฝง
245 00  Switch รักเปลี่ยนหัวใจยัยตัวป่วน/^cเจ้าปลาน้อย
250     พิมพ์ครั้งที่ 1
260     กรุงเทพฯ :^bแจ่มใส,^c2551
300     205 หน้า
945    ^p149^l0^i026761
995     เกษร
999     ^aใช้งานได้ทุกระบบ
รายการนี้ยังไม่มีแท็ก
คุณยังไม่ได้ล็อกอิน คุณสามารถมีกิจกรรมร่วมกับเว็บไซต์ได้ แต่ต้องล็อกอินก่อน ::
  ล็อกอิน

รายการสื่อสารสนเทศ

ลำดับที่ ประเภท เลขเรียก/บาร์โค้ด สถานที่ สถานะ
1. วิทยาศาสตร์การแพทย์ และสุขภาพ
วิทยาศาสตร์การแพทย์ และสุขภาพ
นว. จ757S 2551  
  Barcode: 026761
ห้องสมุดวิทยาเขตสวรรค์ประชารักษ์
►นวนิยาย
บนชั้น
  ขอยืม

BibComment


ยังไม่เคยถูกคอมเมนท์

คอมเมนท์ทรัพยากรรายการนี้
  คอมเมนท์: Switch รักเปลี่ย..


 Copyright 2026. Bcnsprnw @Library